[Event "Online Olym Div3 D"]
[Site "Chess.com INT"]
[Date "2021.08.28"]
[Round "6.5"]
[White "Dunat, Kimberlie"]
[Black "Simwaba, Anne"]
[Result "1-0"]
[WhiteElo "1398"]
[BlackElo "1351"]
[PlyCount "33"]
[EventDate "2021.08.27"]
[EventType "team-tourn (rapid)"]
[EventRounds "9"]
[EventCountry "USA"]
[SourceTitle "CBM 204 Extra"]
[Source "ChessBase"]
[SourceDate "2021.11.30"]
[SourceVersion "1"]
[SourceVersionDate "2021.11.30"]
[SourceQuality "1"]
[WhiteTeam "Haiti"]
[BlackTeam "Malawi"]
[WhiteTeamCountry "HAI"]
[BlackTeamCountry "MWI"]

1. e4 e6 2. Nf3 d5 3. exd5 exd5 4. Nc3 Nf6 5. d4 Bb4 6. Bd2 Bxc3 7. Bxc3 0-0 8. Be2 Be6 9. 0-0 a6 10. Bd3 h6 11. Ne5 Nbd7 12. Qf3 Nxe5 13. dxe5 Nd7 14. Qg3 Nc5 15. Bd2 h5 16. Bh6 Nxd3 17. Qxg7# 1-0

[Event "Africa-ch (Women)"]
[Site "Lilongwe"]
[Date "2021.05.23"]
[Round "5"]
[White "Simwaba, Anne"]
[Black "Bobrova, Lubov Leonidovna"]
[Result "1-0"]
[WhiteElo "1269"]
[BlackElo "1397"]
[PlyCount "89"]
[EventDate "2021.05.18"]
[EventType "swiss"]
[EventRounds "9"]
[EventCountry "MWI"]
[SourceTitle "EXT 2022"]
[Source "ChessBase"]
[SourceDate "2021.10.06"]
[SourceVersion "1"]
[SourceVersionDate "2021.10.06"]
[SourceQuality "1"]

1. c4 c6 2. Nc3 d5 3. cxd5 cxd5 4. d4 a6 5. Nf3 Nf6 6. e3 e6 7. Be2 Bd6 8. 0-0 Nc6 9. b3 0-0 10. Bb2 b5 11. Rc1 Bb7 12. h3 Rc8 13. a4 b4 14. Nb1 Qd7 15. Qd3 Rc7 16. Nbd2 Rfc8 17. Nh2 Na5 18. Rxc7 Qxc7 19. Nhf3 Qc2 20. Qxc2 Rxc2 21. Bc1 Nxb3 22. Nxb3 Rxe2 23. Na5 Bc8 24. Bd2 Ne4 25. Rc1 Bd7 26. Nb7 Nxd2 27. Nxd6 Nxf3+ 28. gxf3 Kf8 29. Rb1 Ke7 30. Nb7 Bxa4 31. Rxb4 Ra2 32. Nc5 Bd1 33. Kg2 g6 34. Rb7+ Kf6 35. Nd7+ Kg7 36. Ne5 a5 37. Rxf7+ Kg8 38. Ra7 a4 39. Ra8+ Kg7 40. Ra7+ Kh6 41. Ng4+ Kg5 42. Rf7 h5 43. f4+ Kh4 44. Ne5 Bc2 45. Nf3# 1-0

[Event "Olympiad Women-43"]
[Site "Batumi"]
[Date "2018.09.27"]
[Round "4.62"]
[White "Simwaba, Anne"]
[Black "Uwase, Joselyne"]
[Result "0-1"]
[WhiteElo "1206"]
[BlackElo "1551"]
[PlyCount "86"]
[EventDate "2018.09.24"]
[EventType "team-swiss"]
[EventRounds "11"]
[EventCountry "GEO"]
[SourceTitle "EXT 2020"]
[Source "ChessBase"]
[SourceDate "2019.10.17"]
[SourceVersion "1"]
[SourceVersionDate "2019.10.17"]
[SourceQuality "1"]
[WhiteTeam "Malawi (W)"]
[BlackTeam "Rwanda (W)"]
[WhiteTeamCountry "MWI"]
[BlackTeamCountry "RWA"]

1. e4 e5 2. Nf3 Nc6 3. Bc4 Nf6 4. Nc3 Bb4 5. d3 Bxc3+ 6. bxc3 0-0 7. 0-0 d6 8. Re1 Bg4 9. h3 Bh5 10. Re3 h6 11. Qd2 Nh7 12. d4 Qf6 13. dxe5 Nxe5 14. Nxe5 Qxe5 15. Qd4 Rfe8 16. Qxe5 Rxe5 17. Rg3 Rxe4 18. Bd5 Re1+ 19. Kh2 c6 20. Bb3 d5 21. Bxh6 Rxa1 22. Rxg7+ Kh8 23. Rxf7 Bxf7 24. g4 Re8 25. Kg3 Bg6 26. Kf4 Rg8 27. c4 Rd8 28. h4 dxc4 29. h5 Bxh5 30. gxh5 cxb3 31. axb3 Rc1 32. c4 Rc3 33. Ke5 Rxb3 34. f4 Rc3 35. Ke6 Nf8+ 36. Ke7 Rd7+ 37. Kxf8 Rxc4 38. Ke8 Rh7 39. Bf8 Rxf4 40. h6 a5 41. Bd6 Re4+ 42. Kf8 Rxh6 43. Ba3 Rf6# 0-1

[Event "Olympiad Women-43"]
[Site "Batumi"]
[Date "2018.09.25"]
[Round "2.54"]
[White "Nakabo, Peninah"]
[Black "Simwaba, Anne"]
[Result "1/2-1/2"]
[WhiteElo "1581"]
[BlackElo "1206"]
[PlyCount "72"]
[EventDate "2018.09.24"]
[EventType "team-swiss"]
[EventRounds "11"]
[EventCountry "GEO"]
[SourceTitle "EXT 2020"]
[Source "ChessBase"]
[SourceDate "2019.10.17"]
[SourceVersion "1"]
[SourceVersionDate "2019.10.17"]
[SourceQuality "1"]
[WhiteTeam "Uganda (W)"]
[BlackTeam "Malawi (W)"]
[WhiteTeamCountry "UGA"]
[BlackTeamCountry "MWI"]

1. e4 e6 2. d4 d5 3. Nc3 Nf6 4. e5 Nfd7 5. f4 c5 6. Nf3 Nc6 7. Be3 Qa5 8. Be2 Be7 9. 0-0 f6 10. f5 cxd4 11. fxe6 Ndxe5 12. Nxe5 Nxe5 13. Bxd4 0-0 14. Bxe5 fxe5 15. Rxf8+ Bxf8 16. Qxd5 Qb6+ 17. Kf1 Qxe6 18. Bc4 Qxd5 19. Bxd5+ Kh8 20. Re1 Bf5 21. Ne4 Rc8 22. c4 b6 23. b3 h6 24. Kf2 Bb4 25. Re2 Rd8 26. Ng3 Bb1 27. Be4 Bc5+ 28. Kf3 Rf8+ 29. Kg4 Rf4+ 30. Kh3 g5 31. Nf5 Bxe4 32. Nxh6 Bf2 33. g3 Rf6 34. Rxe4 Rxh6+ 35. Kg2 Bc5 36. Rxe5 Rf6 1/2-1/2